Tiszatáj 2025/7.

Elmentve itt :
Bibliográfiai részletek
További közreműködők: Hász Róbert
Annus Gábor
Orcsik Roland
Tóth Ákos
Dokumentumtípus: Folyóirat
Megjelent: Tiszatáj Alapítvány Szeged 2025
Sorozat:Tiszatáj 79 No. 7
Kulcsszavak:Magyar irodalom - vers, Magyar irodalom - költészet, Magyar irodalom története, Képzőművészet - magyar, Festészet - magyar
Online Access:http://tiszataj.bibl.u-szeged.hu/27792
LEADER 00761nas a2200217 i 4500
001 tisza27792
005 20260402114203.0
008 260326s2025 hu o 000 hun d
022 |a 0133-1167 
040 |a SZTE Tiszatáj Archívum  |b hun 
041 |a hun 
245 0 0 |a Tiszatáj 2025/7.  |h [elektronikus dokumentum] 
260 |a Tiszatáj Alapítvány  |b Szeged  |c 2025 
300 |a 3-108 
490 0 |a Tiszatáj  |v 79 No. 7 
695 |a Magyar irodalom - vers, Magyar irodalom - költészet, Magyar irodalom története, Képzőművészet - magyar, Festészet - magyar 
700 0 1 |a Hász Róbert 
700 0 1 |a Annus Gábor 
700 0 1 |a Orcsik Roland 
700 0 1 |a Tóth Ákos 
856 4 0 |u http://tiszataj.bibl.u-szeged.hu/27792/1/tiszataj_2025_007.pdf  |z Dokumentum-elérés